Statistiques concernant Paroles - Rap catéchisme - Freeze Corleone

Cliquez ici pour prendre le quiz!

Statistiques générales

  • Ce quiz a été pris 375 fois
  • Le résultat moyen est 195 sur 436

Statistiques - réponses

% Correct
S/o
95%
s/o
95%
à
92%
À
92%
a
92%
F
92%
Le
90%
le
90%
de
89%
FR
83%
La
79%
la
79%
Freeze
78%
sa
78%
Corleone
77%
te
77%
ça
76%
comme
76%
ma
72%
pas
70%
Phaal
70%
il
69%
rap
68%
ce
67%
al
65%
des
65%
me
65%
sur
65%
sûr
65%
lin
63%
ces
62%
catéchisme
59%
c'est
59%
du
59%
Du
59%
Chen
58%
plus
58%
que
57%
et
56%
rime
56%
pour
55%
Prada
55%
une
55%
en
54%
va
54%
aka
53%
dans
53%
sale
53%
Alpha
52%
ekip
52%
Ekip
52%
Philly
52%
Mac
51%
Miller
51%
Philip
51%
prod
51%
Zen
51%
On
50%
on
50%
fuck
49%
Val
49%
Wann
49%
Burberry
48%
est
48%
Freezer
48%
Hermès
48%
les
48%
qu'ils
48%
REP
48%
télé
48%
Gucci
47%
j'porte
47%
667
46%
boy
46%
concu'
46%
Don
46%
Miss
46%
branché
45%
moi
45%
plug
45%
anti-diable
44%
Dada
44%
H24
44%
meurent
44%
pactiseur
44%
dis-leur
43%
ils
43%
Ils
43%
J'suis
43%
j'suis
43%
j'veux
43%
négro
43%
toujours
43%
tu
43%
valent
43%
Lucky
42%
croient
41%
dealeur
41%
feu
41%
Guadeloupe
41%
Kilmer
41%
l'biff
41%
Obama
41%
S'ils
41%
s'ils
41%
t'es
41%
tes
41%
y
41%
Mes
40%
mes
40%
Philips
40%
serial
40%
droite
39%
Flingue
39%
Île-de-France
39%
bien
38%
gauche
38%
France
37%
pilule
37%
Clinton
36%
Michelle
36%
Takeshi
36%
chaussettes
35%
chaussures
35%
comprimé
35%
gobent
35%
Hillary
35%
Luke
35%
NRM
35%
sang
35%
killu
34%
killu'
34%
LDO
34%
Soldat
34%
boivent
33%
cher
33%
d'élite
32%
impose
32%
coûtent
31%
gros
31%
missiles
31%
J'arrive
30%
map
30%
d'la
29%
d'Tealer
29%
Han
29%
nous
29%
obscure
29%
Philipp
29%
raciste
29%
Crache
28%
l'ambiance
28%
Phillies
28%
sac
28%
soit
28%
son
28%
j'fume
27%
quelque
27%
qu'on
27%
envoie
26%
rital
26%
tada
26%
base
25%
eux
25%
putes
25%
au-dessus
24%
crossover
24%
l'tempo
24%
part
24%
shiznit
24%
sucette
24%
tour
24%
tout
24%
Tout
24%
attendu
23%
Flingo
23%
guerre
23%
savent
23%
Bitch
22%
découpe
22%
d'un
22%
NOM
22%
excelle
21%
l'sais
21%
buteur
20%
d'où
20%
pareil
20%
police
20%
question
20%
7-5-0-1-4
19%
l'paintball
19%
l'renseignement
19%
Flem
18%
j'sors
18%
l'enseignement
18%
qu'j'suis
18%
combos
17%
enchaînements
17%
l'baseball
17%
l'château
17%
Ra's
17%
Dakar
15%
dur
15%
Mafia
15%
aura
14%
l'saignement
14%
n'y
14%
pétition
14%
contre
13%
fait
13%
FLRG
13%
refaire
13%
Runtz
13%
anciennement
12%
crossovers
12%
l'argent
12%
loi
12%
mode
11%
m'ont
11%
Oreilles
11%
parents
11%
d'révolution
10%
Ghul
10%
j'parle
10%
mort
10%
peux
10%
qu'est-ce
10%
Six
10%
d'l'évolution
9%
grands
9%
jour
9%
l'KGB
9%
peine
9%
réseau
9%
respectait
9%
saignements
9%
sens
9%
Three
9%
2020
8%
change
8%
chaque
7%
cons'
7%
fond
7%
Gorilla
7%
back
6%
d'renseignements
6%
Sam
6%
Step
6%
gas
5%
Gelato
5%
J'fais
5%
j'sécurise
5%
j'tape
5%
katas
5%
Philippe
5%
d'Jeffrey
4%
j'effrite
4%
Kinte
4%
thèque
4%
Kunta
3%
Conakry-zi
2%
pilulе
0%
Virе
0%

Distribution des résultats

Percentile par nombre de réponses

% des personnes avec chaque résultat

Votre développement - résultats

Vous n’avez pas pris ce quiz